000 00581nam a2200229Ia 4500
003 OSt
005 20220924153801.0
006 a|||||r|||| 00| 0
007 ta
008 220923b |||||||| |||| 00| 0 kan d
024 _a351615
037 _cTextual
040 _aARTS
_cARTS
_bkan
041 _2kan
_akan
082 _aO33,1x, L4
100 _aJ.S.Paramashivaiah Au.
_9229755
245 0 _aBhagavanthike mela
260 _c1974
650 _aKANNAD LITERATURE
942 _hO33,1x, L4
_cTEXL
_2CC
999 _c474775
_d474775